Co to za logo na literę C? - Statystyki

Ogólne statystyki
  • Ten quiz został rozwiązany 4 112 razy
    4 073 od ostatniego zresetowania
  • Średni wynik to 9 z 20
Statystyki odpowiedzi
Obrazkowy Odpowiedź % Poprawnych
Coca-Cola
99%
CCC
93%
Cheetos
89%
Chevrolet
82%
Carrefour
78%
Circle K
72%
Chanel
70%
Champion
63%
Converse
54%
CD Projekt
38%
Crocs
35%
Citi
34%
Cheerios
24%
Chipotle
21%
Cadbury
19%
Chiquita
17%
Costco
12%
CBS
11%
Chips Ahoy!
10%
Chevron
8%
Nie znaleziono quizów pasujących do podanych kryteriów
Rozkład punktacji
Procent ludzi z każdym wynikiem
Percentyl według liczby udzielonych odpowiedzi
Twoja historia wyników
Nie rozwiązałeś tego quizu od ostatniego zresetowania